IUCN Red List of Threatened Species - Statistics

General Stats
  • This quiz has been taken 12 times
  • The average score is 7 of 9
Answer Stats
Hint Code Answer % Correct
Considered to be facing a very high risk of extinction in the wild ED Endangered
100%
No reasonable doubt that the last individual has died EX Extinct
100%
Considered to be facing a extremely high risk of extinction in the wild CE Critically Endangered
90%
Known only to survive in cultivation, in captivity, or as a naturalized population EW Extinct In The Wild
90%
Does not qualify for the below categories LC Least Concern
80%
Considered to be facing a high risk of extinction in the wild VU Vulnerable
80%
Inadequate information to make a direct or indirect assessment of the risk of extinction DD Data Deficient
70%
Is close to qualifying for or is likely to qualify for a threatened category in the near future NT Near Threatened
60%
___ _________ against the criteria, not published on the IUCN Red List NE Not Evaluated
30%
No matching quizzes found
Score Distribution
Percent of People with Each Score
Percentile by Number Answered
Your Score History
You have not taken this quiz